<?xml version="1.0" encoding="UTF-8"?>
<collection xmlns="http://www.loc.gov/MARC21/slim">
 <record>
  <leader>00938cam a2200253 7i4500</leader>
  <controlfield tag="001">0000054466</controlfield>
  <controlfield tag="005">20220413090000.0</controlfield>
  <controlfield tag="007">  Monograph</controlfield>
  <controlfield tag="008">171222s2015      eng</controlfield>
  <datafield tag="020" ind1=" " ind2=" ">
   <subfield code="a">9780262029636 (hbk) </subfield>
  </datafield>
  <datafield tag="040" ind1=" " ind2=" ">
   <subfield code="a">cip</subfield>
  </datafield>
  <datafield tag="090" ind1="0" ind2="0">
   <subfield code="a">TS171.4 </subfield>
   <subfield code="b">KAT 2015</subfield>
  </datafield>
  <datafield tag="100" ind1="1" ind2=" ">
   <subfield code="a">Katz, Barry M. </subfield>
   <subfield code="e">author </subfield>
  </datafield>
  <datafield tag="245" ind1="1" ind2="0">
   <subfield code="a">Make It New : </subfield>
   <subfield code="b">The History of Silicon Valley Design  </subfield>
   <subfield code="c">Barry M.Katz.</subfield>
  </datafield>
  <datafield tag="264" ind1=" " ind2="1">
   <subfield code="a">Massachusetts, MA: </subfield>
   <subfield code="b">The MIT Press, </subfield>
   <subfield code="c">2015.</subfield>
  </datafield>
  <datafield tag="300" ind1=" " ind2=" ">
   <subfield code="a">xxv, 253 pages: </subfield>
   <subfield code="b">illustrations; </subfield>
   <subfield code="c">24 cm.</subfield>
  </datafield>
  <datafield tag="336" ind1=" " ind2=" ">
   <subfield code="a">text</subfield>
   <subfield code="2">rdacontent</subfield>
  </datafield>
  <datafield tag="337" ind1=" " ind2=" ">
   <subfield code="a">unmediated</subfield>
   <subfield code="2">rdamedia</subfield>
  </datafield>
  <datafield tag="338" ind1=" " ind2=" ">
   <subfield code="a">volume</subfield>
   <subfield code="2">rdacarrier</subfield>
  </datafield>
  <datafield tag="500" ind1=" " ind2=" ">
   <subfield code="a">Business Guru Collection</subfield>
  </datafield>
  <datafield tag="504" ind1=" " ind2=" ">
   <subfield code="a">Index: page 247; Includes bibliographical references</subfield>
  </datafield>
  <datafield tag="650" ind1="1" ind2="0">
   <subfield code="a">Industrial design -- </subfield>
   <subfield code="x">California -- </subfield>
   <subfield code="x">Santa Clara Valley(Santa Clara County) </subfield>
  </datafield>
  <datafield tag="650" ind1="1" ind2="0">
   <subfield code="a">Industrial design -- </subfield>
   <subfield code="x">Social aspects -- </subfield>
   <subfield code="x">California -- </subfield>
   <subfield code="x">Santa Clara Valley (Santa Clara County) </subfield>
  </datafield>
  <datafield tag="856" ind1="4" ind2="2">
   <subfield code="u">http://mitpress.mit.edu</subfield>
  </datafield>
 </record>
</collection>
